000 00392nam a2200181Ia 4500
003 IT-RoPAU
008 120407s9999 xx 000 0 und d
040 _aIT-RoPAU
040 _cIT-RoPAU
100 _aLorenzo Da Brindisi
100 _csan
245 _aDiscorsi mariani
250 _aRovigo
260 _aIstituto Padano Arti Grafiche
300 _c cm
490 _v1
942 _cBK
999 _c7009
_d7009